Policy regime changes and the long-run sustainability of fiscal policy : an application to Greece
Saved in:
| Main Author: | |
|---|---|
| Other Authors: | , |
| Format: | Book |
| Language: | English |
| Published: |
Athens :
Centre of Planning and Economic Research,
1995
|
| Series: | Εργασίες για συζήτηση = Discussion papers ;
; 47 |
| Subjects: | |
| Tags: |
Add Tag
No Tags, Be the first to tag this record!
|
MARC
| LEADER | 00000cam a2200000 i 4500 | ||
|---|---|---|---|
| 001 | 1/7154 | ||
| 008 | 960724s1995 eng d | ||
| 035 | |l 10016604 | ||
| 040 | |a GR-MY-UA |b gre |e aacr | ||
| 041 | 0 | |a eng | |
| 082 | 0 | |a 336.309495 | |
| 100 | 1 | |a Μακρυδάκης, Στέλιος. | |
| 245 | 1 | 0 | |a Policy regime changes and the long-run sustainability of fiscal policy : |b an application to Greece / |c S. Makrydakis, E. Tzavalis, A. Balfoussias |
| 260 | |a Athens : |b Centre of Planning and Economic Research, |c 1995 | ||
| 300 | |a 40 p. |b tabl.; fig. | ||
| 490 | 1 | |a Discussion papers |v ; 47 | |
| 504 | |a Includes bibliographical references | ||
| 650 | 0 | 0 | |a Fiscal policy |z Greece. |
| 650 | 0 | 0 | |a Fiscal policy |x Public finance |z Greece. |
| 700 | 1 | |a Μπαλφούσιας, Αθανάσιος Θ. | |
| 700 | 1 | |a Τζαβαλής, Ηλίας Αργ. | |
| 830 | 0 | |a Εργασίες για συζήτηση = Discussion papers ; |v ; 47 | |
| 852 | |a INST |b LESVOS |e 19960724 |h 336.309495 ΜΑΚ |p 005100009444 |q 005100009444 |t BK |y 0 | ||
| 909 | |a Λ |b 043635 | ||
| 970 | |z 2000/05/ΟΙΚΟΝΟΜΟΠΟΥΛΟΥ ΧΡΙΣΤΙΝΑ | ||